MDQL
is popping MORE tags! Check the
thread
!
Quizzes
Events
Quiz Creation
Community
Videos
Private Events
Remove Ads
Sign In
Join for FREE
Feedback
Dark Mode
Quiz Categories
Sports
Geography
Music
Movies
Television
Just For Fun
Miscellaneous
History
Literature
Language
Science
Gaming
Entertainment
Religion
Holiday
For Kids
Quiz Lab
Recent
Popular Today
Quiz Kudos Today
Editor Picks
Curator Picks
Quizzes by...
Day
Popularity
Type
Ratings
Length
Year
Community
Subscriptions
Recent Discussions
Orange Saloon
Badges
Playlists
Quests
Create
Leaderboards
Showdown
Live 5
Trivia Bingo
Activity
Puzzle Library
Sporcle Events
Private Events
Virtual Trivia
Globe League
Become a Host
Pub Owners
SporcleCon
Opinionation
Our Games
Videos
Blog
Mobile Apps
Partnerships
Remove Ads and Go Orange
Feedback
Science
Computer
Plants
Astronomy
Chemistry
Elements
Math
Animal
Physics
Anatomy
Biology
Geology
General Science
Science
Computer
Plants
Astronomy
Chemistry
Elements
Math
Animal
Physics
Anatomy
Biology
Geology
General Science
Random Quiz
Search Sporcle
×
Quiz Lab
Quiz Lab
Science
Definition
Type in answers that appear in a list
Type in answers that appear in a list
Classic
Best Score? Go Orange.
Developmental Biology 4 Stats
Can you name the Devo 4?
By
litpip
20m
78 Questions
6 Plays
6 Plays
6 Plays
Comments
Comments
Give Quiz Kudos
Give Quiz Kudos
-
- Ratings
hide this ad
Forced Order
Answers have to be entered in order
Answers have to be entered in order
Replay
Link that replays current quiz
Next Quiz
Link to next quiz in quiz playlist
You Got
0%
They Got
Avg Score
33%
Avg Friend Score
Upgrade to see
Score Distribution
Jump to the score distribution portion of the page
Score
0/78
Timer
20:00
0
Plays Today
Definition
Term
% Correct
the functional units of the kidney
nephrons
83.3%
The human excretory system eliminates
nitrogenous waste
66.7%
The human excretory system controls _
_
concentrations in body fluids
ionic
66.7%
The human excretory system performs _
_
_
, controls how much water the body contains
osmoregulation
66.7%
cluster of capillaries through which blood is filterd
glomerulous
66.7%
before kidney
pronephros
50%
permanent kidney stage
metanephros
50%
kidney in lower vertebrates
pronephros
50%
metanephrogenic mesenchyme condenses into
glomerulus
50%
the space between the splanchic and somatic mesoderm is the
coelom
50%
the coelom becomes the
body cavity
50%
the pericardial cavity
heart
50%
extra fingers and toes
polydactyly
50%
traits of organisms are due to sharing a common ancestor, and such traits often have similar embryological origins and development
homologous
50%
the buldge where myotome cells and chondrocytes accumulate
limb bud
50%
_
_
_
genes specify which genes develop where
Hox
50%
each _
_
gene is expressed at a specific location along the embryo
Hox
50%
transplanted fgf will induce
extra limb formation
50%
there are 4 clusters of HOx genes, name them in order
a b c d
50%
_
_
_
codes for arm development
Tbx5
50%
_
_
_
codes for leg developmnet
Tbx4
50%
hox 13 and hox 12 gene expression in finger development helped to show that birds are descended from
dinosaurs
50%
later part of tail regression is murder as cells undergo
phagocytosis
50%
no larval stage = _
_
_
development
direct
50%
transcription factors that tend to have a long lasting effect
nuclear hormone receptors
50%
in kidney, the blind end of excretory tubule, emptys into collecting duct
Bowman's capsule
33.3%
the collucting duct emptys into the _
_
_
renal pelvis
33.3%
transports gametes and urine
urogenital duct
33.3%
pronephros formed from intermediate and _
_
_
mesoderm
paraxial
33.3%
signals from paraxial mesoderm lead to the development of the
pronephric duct
33.3%
in mesonephros formation, the _
_
_
_
degenerate
pronephric tubules
33.3%
branch of nephric duct involved in metanephric kidney formation
ureteric bud
33.3%
_
_
mesenchyme involved in metanephros formation
metanephrogenic
33.3%
formation of metanephros: DF from MPM lead to branching and growth of
ureteric bud
33.3%
_
_
partitions MPM before branching
Wnt
33.3%
_
_
expressed in stalk region induces MPM
UnFi
33.3%
animals with no coelomic cavity
acoelomate
33.3%
animals with coelom lined by mesoderm only on the body wall, not around the gut
pseudocoelomate
33.3%
animals with true coeloms
coelomate
33.3%
Definition
Term
% Correct
presumtive heart cells originate posterior to _
_
_
hensen's node
33.3%
formation of heart involves these signaling pathways
Wnt FGF BMP
33.3%
_
_
transmit electrical signals to ventricles
purkinje fibres
33.3%
in heart _
_
form between cells and allow for ion flow and electrical signalling
gap junctions
33.3%
cardiac NCC form _
_
_
heart
tubular
33.3%
both ascidian and vertebrate heart formation directed by _
_
_
retinoic acid
33.3%
in salamanders the _
_
_
mesoderm is the limb skeletal precursor
lateral plate
33.3%
in salamanders the _
_
_
are the limb muscle precursors
somites
33.3%
in limb bud development: _
_
_
lay down cartilaginous model and become ossified
chondrocytes
33.3%
the emergence of limb bud is due to the loclized expression of _
_
_
in the _
_
_
mesoderm
Fgf
33.3%
_
_
_
induces Tbx4 or Tbx5 depending on location of where it is expressed
FGF
33.3%
rotating the dorasl vental patterning will induce _
_
_
formation
upside-down
33.3%
in chick limb development _
_
_
stabilizes _
_
_
Wnt Fgf
33.3%
signal for apoptosis in limb development
BmP
33.3%
two anatomical structures are considered to be _
_
_
when they serve similar functions but are not evolutionarily related
analogous
33.3%
metamorphosis is regulated by _
_
_
in insects
hormones
33.3%
_
_
_
are critical for metamorphosis in amphibians, regulate differentiation of new neurons
thyroid hormones
33.3%
gonadal maturation is accelerared while the rest of the body develops normally
progenesis
33.3%
the kidneys and somatic part of the gonad are formed from the
Intermediate mesoderm
16.7%
middle kidney
mesonephros
16.7%
studies with _
_
_
led to the discovery of DF
knockout mice
16.7%
coelom is formed from _
_
_
mesoderm
lateral plate
16.7%
the thorax and lung cavity
pleural
16.7%
the abdomen cavity
peritoneal
16.7%
_
_
specifies and commits the heart precursor
retinoic acid
16.7%
in ascidians: pericardium and myocardium are derived from _
_
_
invagination along dorsal side
epithelial
16.7%
fusion of digits
syndactyly
16.7%
three phalanges in thumb instead of 2
triphalangeal
16.7%
a pro-
hormone in metamorphosis
T4
16.7%
_
_
_
inhibits transcription when bound to DNA in metamorphosis
thyroid hormone receptors
16.7%
formation of metanephros: _
_
_
from ureteric bud trigger cells to cluster in MPM
diffusible factors
0%
heart forms from _
_
_
mesoderm
cardiogenic
0%
in limb bud development: _
_
_
cells migrate and divide in the presence of growth factors
myotome
0%
_
_
_
transplantation induces mirror image of normally produced digits
ZPA
0%
_
_
_
removal inhibits further limb development
AER
0%
extra _
_
_
induces duplicate limb development
AER
0%
first part of tail regression in amphibia is suicide, _
_
_
leads to apoptosis
caspase-9
0%
_
_
_
bind _
_
with a much higher affinity than _
_
thyroid hormone receptors T3 T4
0%
an active hormone in metamorphosis
T3
0%
Quiz Playlist
Details
Report
Send in Message
Add To Playlist
Classic:
Type in answers that appear in a list
Forced Order:
Answers have to be entered in order
Last Updated: Feb 16, 2017
Quiz Scoreboard
CHALLENGE
Sign Up to Join the Scoreboard
Show All
Scores
Hide
Comments
May contain spoilers
Recently Published
1-10 Letter E Words III
by El_Dandy
Language
2m
Street Fighter Characters
by Artimus82
Gaming
60s
College Basketball Coaching Resumes
by pancakes188
Sports
9m
More to Explore
Quiz From the Vault
Featured Blog Post
Where Did the Easter Bunny Come From?
hide this ad
You Might Also Like...
Tags
Biology Quiz
Definition Quiz
Devo
Term
Today's Top Quizzes in Science
Browse Science
hide this ad
Today's Top Quizzes in Definition
Browse Definition
Top Contributed Quizzes in Science
1
Quick Pick: Radians
2
The First 100 Digits of Pi
3
Quick Pick: 'CI-CJ' Animals
4
Elements In Images
5
perfect squares 1-25
6
One Thing in Common: Science
7
One Thing in Common: Science II
8
One Thing in Common: Animals
9
One Thing in Common: Science III
10
Order Up: Organs and Body Systems
Explore More
Trending Topics
Crossword
Harry Potter
Anime
NBA
Kpop
Marvel
Disney
NFL
Country
WWE
Pokémon
The Office
Soccer
Song
Puzzle
hide this ad
More By:
litpip
Quiz
Plays
Rating
Category
Featured
Created
Developmental Biology Terms
143
Science
Apr 10, 2011
Developmental Biology 2
30
Science
Apr 11, 2011
Developmental Biology 3
23
Science
Apr 11, 2011
Developmental Biology 4
6
Science
Apr 11, 2011
Go to Creator's Profile
Score Distribution
Quiz Creator Spotlight
litpip
Follow
Send a Message
Quizzes Created
-
Created Quiz Play Count
-
More By This Creator
Popular Quizzes Today
1
Find the US States - No Outlines Minefield
2
Find the Countries of Europe - No Outlines Minefield
3
The Countries of the World
4
Find the US States
5
Risky Map Clicking: Biggest States A-Z
6
US States
7
Popular People in 1961
8
Movies - When Are They Set?
More Science Quizzes
Arithmetic Picture Click
Published
Trending Quizzes
Risky Map Clicking: Least Populous States A-Z
1-10 Letter G Words
1-10 Letter F Words
Countries of the World: 200 Million BC
Risky Map Clicking: Next State Alphabetically
Recently Updated
Beyoncé Albums
pecheneg
Leaping Animals
pecheneg
Reality TV Shows (A-Z)
bhenderson79
Rickey Henderson's Hall of Fame Teammates
pecheneg
Champions League XIs: Arsenal
pecheneg
Quick Pick: Celebrities in WWE's Hall of Fame
aduchscher
A-Z Keypad Blitz II
pecheneg
Multiple Oscar Actors
pecheneg
Mystery Phrase Blitz: Oscar 'Best Actors'
pecheneg
F. Scott Fitzgerald Novels
LTH
Trending Topics
Marvel
Disney
Harry Potter
Kpop
Crossword
NBA
Anime
The Office
NFL
Soccer
Puzzle
Pokémon
WWE
Country
Song
Your Account Isn't Verified!
In order to create a playlist on Sporcle, you need to verify the email address you used during registration. Go to your
Sporcle Settings
to finish the process.
Report this User
Report this user for behavior that violates our
Community Guidelines
.
Details:
Send Report
Go to the Sporcle.com Mobile Site →
Comments